00839nam a2200229 a 4500001001000000003000500010005001700015008004100032010001100073011001100084040000900095100002400104245013200128260004100260500006000301502008600361650002400447650002000471650002300491650002500514856007000539000109367CHAP20220329144048.0140423s2013 mx | |sm |||||||spa|d a105829 a106801 cCHAP1 aCruz Moreno, Aurora10aMezclas de maíces azules para lograr una formulación de tortilla azul nutracéuticah[En línea]cpor Aurora Cruz Moreno. aChapingo, Méx. :bEl autor,c2013. aPara ver el contenido del material haga clic en la liga aTesis (Ing. Agroindustrial ) -- UACH. Departamento de Ingeniería Agroindustrial14aMaízxVariedades.14aMasa de maíz.14aNixtamalización.14aTortillas de maíz. aFinding aiduhttp://10.13.5.2/tesis/sist109367.pdfzTeclea aquí